00406 2200169 4500001002100000008004100021035002000062245004200082100001800124250000600142260002800148300001200176084001400188082000800202650001400210990001200224INLIS000000000001089 ind  a0010-0524000324 aBerbisnis Bersama TuhancJoko Syahban aSyahban, Joko a1 aJakarta :bHikmahc2008 a263 hlm a200 JOK b a200 aNon Fiksi a0744067